000 00430nam a2200157 4500
001 110055
003 ES-MaACL
005 20230906184952.0
007 t|
008 061121s1971 sp r ||||1| spa d
110 2 _aOrganización Panamericana de la Salud.
_96072
245 1 0 _aHombres y moscas /
_cOPS.
260 _aMadrid :
_bFundamentos,
_c1971.
300 _a4 h. 65 lám ;
_c13 cm.
852 _aES-MaACL
_jC-41659
_bR.79992
999 _c110055
_d110055